000 01260nam a22003497a 4500
001 0008383
003 KOHA_MİRAKIL
005 20260207001633.0
007 ta
008 091009b2003 tu |||gr||||#||||0|tur |
020 _a9751616069
_cTL10
040 _aTR-BiSEU
_btur
_cTR-BiSEU
_erda
041 0 _atur
044 _ctu
050 _aNA5247
_b.U53 2003
100 1 _aUnan, Fahri.
245 1 _aKuruluşundan günümüze Fatih Külliyesi/
_cFahri Unan ; Fahri Unan.
264 1 _aAnkara :
_bAtatürk Kültür, Dil ve Tarih Yüksek Kurumu Türk Tarih Kurumu
_c2003
300 _axxv, 452, [11] sayfa: resmli, harita
336 _ametin
_btxt
_2rdacontent
337 _aaracısız
_bn
_2rdamedia
338 _acilt
_bnc
_2rdacarrier
490 1 _aAtatürk Kültür, Dil ve Tarih Yüksek Kurumu Türk Tarih Kurumu yayınları VII.
490 1 _adizi ;
_vsayı 198.
500 _aKaynakça ve dizin var.
650 0 _aFatih Külliyesi (İstanbul, Türkiye).
_920852
650 0 _aMimarlık--Türkiye--İstanbul.
_920853
650 0 _aİstanbul (Türkiye)--Yapılar, vb.
_920854
830 1 _aAtatürk Kültür, Dil ve Tarih Yüksek Kurumu Türk Tarih Kurumu yayınları VII.
_917467
830 1 _adizi ;
_vsayı 198.
_910357
942 _2lcc
_cBK
999 _c8355
_d8355